00374nam a22001337a 450000500170000000800410001704100230005808200130008110000130009424500310010726000460013830000300018465000260021420240719093854.0240719b |||||||| |||| 00| 0 eng d aEnglish/Afrikaans  a349 SOU  lEnglish  aSouth African Law Reports  aCape Town:bJuta and Company Ltd, c1984  bxvi, 836 pages; c26 cm.  aLegal practice bLaw